Leer historia : (Record no. 57884)

MARC details
000 -LEADER
fixed length control field 00761cam a2200205 4500
005 - DATE AND TIME OF LATEST TRANSACTION
control field 20160128123141.0
008 - FIXED-LENGTH DATA ELEMENTS--GENERAL INFORMATION
fixed length control field 160128b mx ||||| |||| 00| 0 spa d
020 ## - INTERNATIONAL STANDARD BOOK NUMBER
International Standard Book Number 9684442076
050 04 - LIBRARY OF CONGRESS CALL NUMBER
Classification number D208
Item number L67 1996
100 1# - MAIN ENTRY--PERSONAL NAME
Personal name López-Cordón Cortezo, María Victoria
245 10 - TITLE STATEMENT
Title Leer historia :
Remainder of title análisis y comentarios de textos históricos, edad moderna y edad contemporánea /
Statement of responsibility, etc María Victoria López-Cordón Cortezo, José Urbano Martínez Carreras.
250 ## - EDITION STATEMENT
Edition statement 1a ed.
260 ## - PUBLICATION, DISTRIBUTION, ETC. (IMPRINT)
Place of publication, distribution, etc México :
Name of publisher, distributor, etc Alhambra Mexicana,
Date of publication, distribution, etc 1996
300 ## - PHYSICAL DESCRIPTION
Extent 446 p. ;
Dimensions 23 cm.
504 ## - BIBLIOGRAPHY, ETC. NOTE
Bibliography, etc Bibliografía: p. 411-446
650 #7 - SUBJECT ADDED ENTRY--TOPICAL TERM
Source of heading or term LEMB
Topical term or geographic name as entry element Historia Moderna
650 #7 - SUBJECT ADDED ENTRY--TOPICAL TERM
Source of heading or term LEMB
Topical term or geographic name as entry element Historia Contemporánea
700 1# - ADDED ENTRY--PERSONAL NAME
Personal name Martínez Carreras, José Urbano,
Relator term coaut.
942 ## - ADDED ENTRY ELEMENTS (KOHA)
Source of classification or shelving scheme Biblioteca del Cogreso de los Estados Unidos
Koha item type Libro
Holdings
Estado de pérdida Fuente de clasificación Estado del daño No para préstamo Ubicación permanente Ubicación actual Apartado o colección Fecha de adquisición Edición Dependencia de educación superior (DES) Área del conocimiento Clasificación Código de Barras Date last seen Número de copia Costo por reposición Tipo de recurso Fuente de adquisición Total Checkouts
  Biblioteca del Cogreso de los Estados Unidos     Biblioteca del Instituto de Investigaciones Históricas Biblioteca del Instituto de Investigaciones Históricas General 28/01/2016 1a ed. Humanidades Ciencias Sociales y Administrativas D208 L67 1996 IIH000013779 28/01/2016 1 1.00 Libro    
  Biblioteca del Cogreso de los Estados Unidos     Biblioteca del Instituto de Investigaciones Históricas Biblioteca del Instituto de Investigaciones Históricas General 27/02/2024 1a ed. Humanidades Ciencias Sociales y Administrativas D208 L67 1996 IIH000036064 27/02/2024 2 1.00 Libro Donación